| 000 | 00732nam a2200241 a 4500 | ||
|---|---|---|---|
| 005 | 20240823063815.0 | ||
| 008 | 010903s1987 r 000 0 eng d | ||
| 020 | _a8471120941 | ||
| 035 | _aUPN01000110854 | ||
| 049 | _aCG | ||
| 050 | 4 |
_aBF575 A6 _bK5.28 1987 |
|
| 100 | 1 |
_aKielholz, Paul, _d1916- |
|
| 245 | 1 | 0 |
_aAngustia : _baspectos psíquicos y somáticos / _cP. Kielholz ; tr. A Guera Miralles. |
| 250 | _a2a ed. | ||
| 260 |
_aMadrid : _bMorata, _c1987. |
||
| 300 | _a245 p. | ||
| 440 | 0 |
_aPsiquiatría. _pPsicopatología especial |
|
| 534 |
_pTraducción de : _tPsychische und somatische aspekte |
||
| 650 | 2 |
_aAngustia _91048 |
|
| 650 | 7 |
_aAnsiedad _2 _94750 |
|
| 650 | 4 |
_aConducta (Psicología) _94460 |
|
| 905 | _aLibro | ||
| 999 |
_c84763 _d84763 |
||